000
00302nam a22001217a 4500
041
_a
ENG
100
_a
Nair K
245
_a
Oral Training In Fluency Vocabulary Part 1
260
_a
Delhi
_b
Adult Faculties Council
_c
2012
300
_a
64
650
_a
Competitive Exam
856
_u
Competitive Exam ( 36 )
999
_c
937
_d
937